00527nam a2200193 a 4500001001300000003000900013005001700022008004100039020000900080082001700089100001900106245003400125260003900159300000900198500003500207505004600242650002600288700001900314nice12345678IN_TiNIC20260116012020.0050524s1979 hyda grp 000 0 urd  ac2000a491.439bAFZ aAfzal, M Iqbal aMadras Men Urdu Ki Nashu Numa aHyderabadbMoin Publicationsc1979 a406p aincludes index and biblioraphy2 aNotes and References, Bibliography, Index aUrdu Language-History1 aAfzal, M Iqbal